Latín Iter 2000: diccionario ilustrado latino-español

Saved in:
Bibliografiske detaljer
Format: Bog
Sprog:spansk
latin
Udgivet: Barcelona Ramón Sopena 2000
Fag:
Tags: Tilføj Tag
Ingen Tags, Vær først til at tagge denne postø!

MARC

LEADER 00000nam a2200000 a 4500
001 UCK2869
003 CL-VaPUC
008 050324e20000000SP |||||||||||||||||spa|d
020 |a 8430311548 
041 0 7 |a spa  |2 CL-VaPUC 
041 0 7 |a lat  |2 CL-VaPUC 
082 0 4 |a 473.61  |b LAT  |2 21 
245 1 0 |a Latín Iter 2000: diccionario ilustrado latino-español 
300 |a 539 p 
942 |c BK 
945 |d 20050324 00:00:00  |a cmena 
260 |a Barcelona  |b Ramón Sopena  |c 2000 
500 |a Incluye: 40.000 acepciones; 275 ilustraciones; Frases latinas; cuadros gramaticales; declinaciones; temas culturales 
650 0 |a Latín   |9 269544 
650 0 |a Español  |9 255372 
650 0 |a Diccionarios  |9 256200 
650 0 |a Glosarios  |9 261047 
583 |a last modification  |c 20050324 00:00:00  |k Rodrigo Vera 
999 |c 312266  |d 312264 
952 |0 0  |1 0  |4 0  |6 473_610000000000000_LAT_2000  |7 0  |8 X  |9 382314  |a BIBHIS  |b BIBHIS  |d 2019-11-21  |i 4103408  |o 473.61 LAT 2000  |p 4103408  |r 2024-01-30  |w 2019-11-21  |y BK_X  |k HIS